التطبيقات التجارية بإستخدام قاعدة البيانات / (رقم التسجيلة. 18541)
[ عرض عادي ]
| 000 -LEADER | |
|---|---|
| fixed length control field | 00739nam a22002057a 4500 |
| 005 - DATE AND TIME OF LATEST TRANSACTION | |
| control field | 20251108164949.0 |
| 008 - FIXED-LENGTH DATA ELEMENTS--GENERAL INFORMATION | |
| fixed length control field | 250721s1991 xx 000 0 ara d |
| 082 14 - DEWEY DECIMAL CLASSIFICATION NUMBER | |
| Classification number | 658.02854/مجد |
| 100 1# - MAIN ENTRY--PERSONAL NAME | |
| Personal name | أبو لعطا، مجدي محمد |
| 245 10 - TITLE STATEMENT | |
| Title | التطبيقات التجارية بإستخدام قاعدة البيانات / |
| 246 11 - VARYING FORM OF TITLE | |
| Title proper/short title | d base iii plus |
| 264 1# - PRODUCTION, PUBLICATION, DISTRIBUTION, MANUFACTURE, AND COPYRIGHT NOTICE | |
| Place of production, publication, distribution, manufacture | القاهرة : |
| Name of producer, publisher, distributor, manufacturer | الحسيني للكمبيوتر ونظم المعلومات، |
| Date of production, publication, distribution, manufacture, or copyright notice | 1991. |
| 300 ## - PHYSICAL DESCRIPTION | |
| Extent | 307ص |
| 490 0# - SERIES STATEMENT | |
| Series statement | تيسير علوم الحاسب : مجموعة كتب قواعد البيانات ؛ 8 |
| 650 17 - SUBJECT ADDED ENTRY--TOPICAL TERM | |
| Topical term or geographic name as entry element | الإدارة |
| 650 17 - SUBJECT ADDED ENTRY--TOPICAL TERM | |
| Topical term or geographic name as entry element | تقنيات الإدارة |
| 650 17 - SUBJECT ADDED ENTRY--TOPICAL TERM | |
| Topical term or geographic name as entry element | الحواسيب |
| 942 ## - ADDED ENTRY ELEMENTS (KOHA) | |
| Source of classification or shelving scheme | Dewey Decimal Classification |
| Koha item type | كتب |
| حالة السحب | حالة الفقدان | مصدر التصنيف | حالة التلف | غير قابل للإعارة | المكتبة الرئيسية | المكتبة الحالية | موقع الرف | تاريخ التزويد | الرقم المتسلسل | Total Checkouts | رقم الإستدعاء | الباركود | تاريخ آخر ظهور | تاريخ الفاتورة | نوع المادة (كوها) |
|---|---|---|---|---|---|---|---|---|---|---|---|---|---|---|---|
| Dewey Decimal Classification | المكتبة المركزية | المكتبة المركزية | الإعارة | 06/07/2004 | 172224 | 658.02854/مجد | 172224 | 28/07/2025 | 06/07/2004 | كتب |